00507nam a2200193 a 4500001001300000003000900013005001700022008004100039020002300080082001800103100001800121245003400139260003100173300000900204500003500213505001700248650003000265700001800295nice12345678IN_TiNIC20260116013906.0050524s1994 dela grp 000 0 eng  a8171562 c39500a954.0254bMOR aMoreland, W H aIndiab at the Death of Akbar aDelhibAtlantic Pub c1994 a306p aincludes index and biblioraphy2 aBibliography aIndia-History Mogul Akbar1 aMoreland, W H